000 00471nam a2200169Ia 4500
999 _c27097
_d27097
003 OSt
005 20210107122256.0
008 190216s9999||||xx |||||||||||||| ||und||
040 _coclc
082 _a150
_bJAM/I
100 _aJames, P J
_98242
245 0 _aIndiayude Sambathika Prathisandhi /
_cP J James
260 _bFinix Publications,
_aWayanad:
_c1992.
300 _a140p
650 _aPadanam
942 _cBK
_2ddc
_h150
_iJAM/I
_k150
_mJAM/I